| 000 | 00669nam a2200205 i 4500 | ||
|---|---|---|---|
| 001 | 121738 | ||
| 003 | ES-MaACL | ||
| 005 | 20231221152503.0 | ||
| 007 | t| | ||
| 008 | 070214s1932 sp r ||||1| spa d | ||
| 100 | 1 |
_aPortillo, Eduardo M. del. _993251 |
|
| 245 | 1 | 0 |
_aNiceto Alcalá Zamora _b: vida íntima y política de un jefe de estado / _cEduardo M. del Portillo, Carlos Primelles. |
| 260 |
_aMadrid : _bBiblioteca Nueva, _c1932. |
||
| 300 |
_a202 p., 6 lám. ; _c19 cm. |
||
| 700 | 1 |
_aPrimelles, Carlos. _993967 |
|
| 700 | 1 |
_aAlcalá Zamora, Niceto, _d1877-1949 _919473 |
|
| 852 |
_aES-MaACL _jA-927 |
||
| 852 |
_aES-MaACL _jA-791 |
||
| 999 |
_c121738 _d121738 |
||